Normal view
MARC view
- Gilmore,Mike
Entry Personal Name
001 - CONTROL NUMBER
- control field: 68053
003 - CONTROL NUMBER IDENTIFIER
- control field: NUST
005 - DATE AND TIME OF LATEST TRANSACTION
- control field: 20210628203949.0
008 - FIXED-LENGTH DATA ELEMENTS
- fixed length control field: 210628|| aca||aabn | a|a d
040 ## - CATALOGING SOURCE
- Original cataloging agency: NUST
- Transcribing agency: NUST
100 ## - HEADING--PERSONAL NAME
- Personal name: Gilmore,Mike
670 ## - SOURCE DATA FOUND
- Source citation: Work cat.: (NUST): Gilmore,Mike, Fibre optic cabling , theory,design and installation practice, 1991
